Golden earth : travels in Burma

Guardat en:
Dades bibliogràfiques
Autor principal: Lewis, Norman
Format: Llibre
Idioma:Undetermined
Publicat: New York Scribner 1952
Matèries:
Etiquetes: Afegir etiqueta
Sense etiquetes, Sigues el primer a etiquetar aquest registre!
Thư viện lưu trữ: Trung tâm Học liệu Trường Đại học Cần Thơ
LEADER 00508nam a2200205Ia 4500
001 CTU_89246
008 210402s9999 xx 000 0 und d
082 |a 915.91 
082 |b L666 
100 |a Lewis, Norman 
245 0 |a Golden earth : 
245 0 |b travels in Burma 
245 0 |c Norman Lewis 
260 |a New York 
260 |b Scribner 
260 |c 1952 
650 |a Description and travel 
650 |z Burma 
904 |i Bằng 
980 |a Trung tâm Học liệu Trường Đại học Cần Thơ